| 000 | 01569cam a22003614a 4500 | ||
|---|---|---|---|
| 001 | 5310098 | ||
| 003 | ARRUPE | ||
| 005 | 20141210133751.0 | ||
| 008 | 040914s2005 miua b 001 0beng | ||
| 010 | _a 2004021261 | ||
| 020 | _a0879071052 (pbk. : alk. paper) | ||
| 035 | _a(OCoLC)ocm56567436 | ||
| 035 | _a(NNC)5310098 | ||
| 040 |
_aDLC _cDLC _dOCLCQ _dNNC _dOrLoB-B |
||
| 042 | _apcc | ||
| 043 | _ae-fr--- | ||
| 050 | 0 | 0 |
_aBX4705.R3 _bB45 2005 |
| 082 | 0 | 0 |
_a271/.12502 _aB _222 |
| 100 | 1 |
_aBell, David N., _d1943- _912949 |
|
| 245 | 1 | 0 |
_aUnderstanding Rancé : _bthe spirituality of the Abbot of La Trappe in context / _cby David N. Bell. |
| 260 |
_aKalamazoo, Mich. : _bCistercian Publications, _cc2005. |
||
| 263 | _a0504 | ||
| 300 |
_axxvii, 371 p. : _bill. ; _c22 cm. |
||
| 490 | 1 |
_aCistercian studies series ; _vno. 205 |
|
| 504 | _aIncludes bibliographical references and index. | ||
| 520 | 1 | _a"Both during his lifetime and afterwards Armand Jean le Bouthiellier, the abbe de Rance, was a controversial figure. The present volume sets Rance against the colorful and extravagant world of seventeenth-century France and corrects both masterful and entertaining caricatures by exploring the world which surrounded and formed this monk."--BOOK JACKET. | |
| 600 | 1 | 0 |
_aRancé, Armand Jean Le Bouthillier de, _d1626-1700. _913237 |
| 610 | 2 | 0 |
_aTrappists _zFrance _vBiography. _913238 |
| 651 | 0 |
_aFrance _xChurch history _y17th century. _913239 |
|
| 830 | 0 |
_aCistercian studies series ; _vno. 205. _913240 |
|
| 900 | _bTOC | ||
| 942 |
_2lcc _cMONOGRAPH |
||
| 999 |
_c121445 _d121445 |
||